|
|
|
|
| LEADER |
02424nam a22003973i 4500 |
| 001 |
EBC6955655 |
| 003 |
MiAaPQ |
| 005 |
20231204023222.0 |
| 006 |
m o d | |
| 007 |
cr cnu|||||||| |
| 008 |
231204s2015 xx o ||||0 ger d |
| 020 |
|
|
|a 9783839403228
|q (electronic bk.)
|
| 020 |
|
|
|z 9783899423228
|
| 035 |
|
|
|a (MiAaPQ)EBC6955655
|
| 035 |
|
|
|a (Au-PeEL)EBL6955655
|
| 035 |
|
|
|a (OCoLC)1250397817
|
| 040 |
|
|
|a MiAaPQ
|b eng
|e rda
|e pn
|c MiAaPQ
|d MiAaPQ
|
| 100 |
1 |
|
|a (verst.), Jutta Prasse.
|
| 245 |
1 |
0 |
|a Sprache und Fremdsprache :
|b Psychoanalytische Aufsätze.
|
| 250 |
|
|
|a 1st ed.
|
| 264 |
|
1 |
|a Bielefeld :
|b transcript,
|c 2015.
|
| 264 |
|
4 |
|c {copy}2015.
|
| 300 |
|
|
|a 1 online resource (212 pages)
|
| 336 |
|
|
|a text
|b txt
|2 rdacontent
|
| 337 |
|
|
|a computer
|b c
|2 rdamedia
|
| 338 |
|
|
|a online resource
|b cr
|2 rdacarrier
|
| 490 |
1 |
|
|a Psychoanalyse
|
| 505 |
0 |
|
|a Cover Sprache und Fremdsprache -- Inhalt -- Vorwort -- »Kück« und Sprung: Ein paar Bemerkungen zur Deutung in der Psychoanalyse und in der Literatur -- Seldwyla oder Eine ideale Mutter. Gottfried Kellers »Frau Regel Amrain und ihr Jüngster« -- Sexualität und Wissen -- Zum Untergang des weiblichen Ödipuskomplexes -- Große Erwartungen, kleine Aufmerksamkeiten -- Fremdsprache -- Das Rührende -- Der Abhub der Erscheinungswelt und die Sprache unserer Wahrnehmungen -- Der Sinn der Gattung in Gottfried Kellers »Sinngedicht« oder: Wie findet ein Wissenschaftler eine Frau? -- Lacan liest Freuds Traumdeutungen -- Das Raubtier im Dschungel. Zu Henry James -- Die kleinen Zutaten - Vom Wert des Sprachüberschusses -- Was ist wirklich geschehen? -- Anhang -- Antwort auf eine Umfrage zu Jacques Lacans 80. Geburtstag -- Literatur -- Die Veröffentlichungen von Jutta Prasse -- Textnachweise.
|
| 588 |
|
|
|a Description based on publisher supplied metadata and other sources.
|
| 590 |
|
|
|a Electronic reproduction. Ann Arbor, Michigan : ProQuest Ebook Central, 2023. Available via World Wide Web. Access may be limited to ProQuest Ebook Central affiliated libraries.
|
| 655 |
|
4 |
|a Electronic books.
|
| 700 |
1 |
|
|a Rath, Claus-Dieter.
|
| 776 |
0 |
8 |
|i Print version:
|a (verst.), Jutta Prasse
|t Sprache und Fremdsprache
|d Bielefeld : transcript,c2015
|z 9783899423228
|
| 797 |
2 |
|
|a ProQuest (Firm)
|
| 830 |
|
0 |
|a Psychoanalyse
|
| 856 |
4 |
0 |
|u https://ebookcentral.proquest.com/lib/matrademy/detail.action?docID=6955655
|z Click to View
|